Vista normal
Vista MARC
Entrada Topical Term
Número de registros utilizados en: 1
001 - CONTROL NUMBER
- control field: 12596
003 - CONTROL NUMBER IDENTIFIER
- control field: OSt
005 - DATE AND TIME OF LATEST TRANSACTION
- control field: 20210104110442.0
008 - FIXED-LENGTH DATA ELEMENTS
- fixed length control field: 210104|| aca||aabn | a|a d
040 ## - CATALOGING SOURCE
- Original cataloging agency: OSt
- Transcribing agency: OSt
150 ## - HEADING--TOPICAL TERM
- Topical term or geographic name entry element: Empresas privadas
- General subdivision: Aspectos sociales
670 ## - SOURCE DATA FOUND
- Source citation: Work cat.: (OSt)0: Mejía Vergnaud, Andrés, autor 1767, La empresa privada : , [2006?].